Tilastot visalle Etelä-Amerikan 15 suurinta kaupunkia kartalla

Klikkaa tästä pelataksesi tätä visaa!

Yleistilastot

  • Tätä visaa on pelattu 531 kertaa
  • Keskiarvotulos 10 / 15

Vastaukset kartalla

Vastauksille on annettu kartalla punavihreä väri sen mukaan, kuinka moni on saanut sen oikein.
 

Vastaustilastot

VäkilukuKaupunki% Oikein
13,3 milj.Rio de Janeiro
96%
11,1 milj.Lima
93%
4,05 milj.Brasília
89%
16,6 milj.Buenos Aires
89%
7,80 milj.Santiago de Chile
85%
9,80 milj.Bogotá
82%
22,6 milj.São Paulo
81%
3,78 milj.Caracas
71%
4,10 milj.Medellín
53%
5,05 milj.Belo Horizonte
46%
3,63 milj.Salvador
38%
3,73 milj.Fortaleza
36%
4,15 milj.Porto Alegre
33%
3,85 milj.Recife
33%
3,45 milj.Curitiba
31%

Tulosjakauma

Persentiili vastausten määrän mukaan

Jokaisen tuloksen saaneiden osuus

Tuloshistoriasi

Et ole pelannut tätä visaa